| 000 | 00907nam a2200277 a 4500 | ||
|---|---|---|---|
| 003 | DO-SdBNP | ||
| 005 | 20240308073620.0 | ||
| 007 | ta | ||
| 008 | 110411s20082019dr a 000 f spa d | ||
| 020 | _a9789945175905 | ||
| 040 |
_aDO-SdBNP _bspa _cBNPHU |
||
| 082 |
_axxx _bS787c |
||
| 100 | 1 |
_aStanley, Avelino, _d1959- _91536 |
|
| 245 | 1 | 3 |
_aLa ciguapa encantada por la luna / _cAvelino Stanley ; ilustraciones de Montserrat Ubach |
| 250 | _a2a. ed. | ||
| 260 |
_aSanto Domingo : _bEdiciones SM, _c2019. |
||
| 300 |
_a157 p. : _bil. ; _c19 cm. |
||
| 490 | 1 |
_aEl barco de vapor _v4 |
|
| 500 | _aIncluye datos biográficos de los autores en las paginas 154-155. | ||
| 521 | 1 | _aA partir de 12 años. | |
| 586 | _aObra finalista "El barco de vapor", 2007. | ||
| 590 | _aInventariado, 2022/ YL | ||
| 700 | 1 |
_aUbach Figueras, Montserrat, _eill. _929761 _d1974- |
|
| 910 | _aYLockward | ||
| 942 |
_2ddc _cLBS1 |
||
| 999 |
_c52740 _d52740 |
||